Biggest towns of the Scottish Highlands - Statistics

General Stats
  • This quiz has been taken 451 times
  • The average score is 7 of 20
Answer Stats
Population Town or village % Correct
47,820 Inverness
99%
5,630 Fort William
62%
6,860 Wick
52%
7,320 Thurso
51%
1,540 Ullapool
47%
10,270 Nairn
43%
5,340 Dingwall
41%
3,210 Aviemore
37%
2,290 Portree
33%
1,430 Dornoch
26%
3,540 Tain
25%
3,910 Invergordon
24%
1,490 Kingussie
21%
5,920 Alness
16%
2,880 Muir of Ord
16%
1,710 Fortrose
14%
2,510 Grantown-on-Spey
14%
3,810 Culloden
13%
2,170 Conon Bridge
10%
3,310 Caol
7%
No matching quizzes found
Score Distribution
Percent of People with Each Score
Percentile by Number Answered
Your Score History
You have not taken this quiz